000 01465nam a2200409 c 4500
003 BLK
005 20180420224508.0
008 180408b bul|||||r ||||||| ||bul||
010 _aKNG00084524000
020 _a978-954-509-400-2
_bиздат.: Воен. изд.
040 _aBLK
041 _aBUL
_cBUL
080 _a
_b351.74/.75
_x(075)
_z351.74/.75(075)
080 _aНаказателно право. Наказателен процес. Учение за престъплението. Криминология. Вж и 341.4 ; 344 ; 348
_b343
_x(075)
_z343(075)
100 1 _aПопов, Пламен Николов
_eпърви автор
_9299464
139 _aПопов, Пламен Николов
_bП 76
245 1 0 _aОхранителна дейност
_cПламен Николов Попов.
257 _aBGR
260 София
_bВоен. изд.
_c2008
300 _a160 с.
_bс табл.
_c24 см
380 _a3
500 _aБиблиогр. 157-159
504 _a157-159
650 4 _aОхрана и сигурност
_9266473
650 4 _aПолиция
_9166985
653 _aохрана
653 _aохранителни фирми
653 _aправа
653 _aзадължения
653 _aтестове
653 _aучебни помагала
852 _aЦб 240570
856 4 _qpdf
_u
856 4 _qpdf
_u
942 _cKNG
_n0
944 _aCR
_c18.07.2008
_kВаля_Йорданова
944 _aED
_c02.04.2009
_k
999 _c80040
_d80040